| 000 | 00723nam a2200241Ia 4500 | ||
|---|---|---|---|
| 003 | GCL | ||
| 008 | 140319s9999 xx 000 0 ara d | ||
| 040 |
_aGCL / _cGCL |
||
| 082 | 0 | 4 |
_a070.412 _bص ا |
| 100 | 1 | _aصلاح الدين حافظ | |
| 245 | 1 | 0 |
_aاحزان حرية الصحافة / _cصلاح الدين حافظ |
| 250 | _aالثانية | ||
| 260 |
_aالقاهرة : _bمركز الاهرام للترجمة والنشر ، _c1993 |
||
| 300 |
_a287 ص ؛ _c24 سم |
||
| 490 | _a | ||
| 650 | 0 | 4 | _aالديمقراطية |
| 650 | 0 | 4 | _aالدستور |
| 650 | 0 | 4 | _aحرية الراى |
| 650 | 0 | 4 | _aالصحافة |
| 650 | 0 | 4 | _aحرية الصحافة |
| 650 | 0 | 4 | _aمقالات |
| 942 |
_2ddc _cBK |
||
| 999 |
_c32157 _d32157 |
||